LEADER 01298nam a2200277 a 4500 001 000000167017 003 CaOOAMICUS 005 20180412102750.0 008 180412s1965 it u000 u ita r 032 $aLibriCat 040 $aPUL$bita 100 1 $aUlivi, Ferruccio,$d1912-$0(OLS)http://pul/name/36013 245 13$aIl romanticismo e Alessandro Manzoni /$cFerruccio Ulivi. 260 $aRocca San Casciano :$bCappelli,$cstampa 1965. 300 $a219 p. ;$c20 cm. 490 1 $aUniversale Cappelli.$aSerie Storia della letteratura italiana ;$v104 500 $aIn testa al front.: La letteratura italiana dell'Ottocento. Sulla quarta di cop.: Storia della letteratura italiana. 600 14$aManzoni, Alessandro,$d1785-1873.$0(OLS)http://pul/subject/5513 650 4$aRomanticismo.$0(OLS)http://pul/subject/3381 830 0$aUniversale Cappelli.$pSerie Storia della letteratura italiana ;$v104.$0(OLS)http://pul/title/77236 850 $aPUL 852 $aPUL$W1$xDP1 Fondo Dalla Palma$y117$m1 D 55$j42373$qFondi$B194556$CPULBib$Z2$F194556 $HDal1134 $81 941 1 $a1 996 $6245$aIl romanticismo e Alessandro Manzoni$9(OLS)http://pul/title/206837 996 $6260$aRocca San Casciano :$bCappelli$9(OLS)http://pul/publisher/49052 LEADER 01348nam a2200277 u 4500 001 000000110208 003 CaOOAMICUS 005 20080229155149.0 008 080229s2007 it u000 u ita u 020 $z978-88-598-0197-9* 040 $aPUL$bita$dLDB 110 1 $aItalia.$kLeggi, statuti, ecc.$0(OLS)http://pul/name/10145 245 10$aCodice ipertestuale della giustizia amministrativa :$bcommentario con la banca dati di giurisprudenza e legislazione /$ca cura di S. Battini ... [et al.]. 260 $aTorino :$bUTET Giuridica,$cc2007. 300 $axl, 1995 p. ;$c22 cm. 490 1 $aI codici ipertestuali 500 $aTesto su due colonne. 650 4$aGiustizia amministrativa.$0(OLS)http://pul/subject/23061 700 1 $aBattini, S.$0(OLS)http://pul/name/67521 830 2$aI codici ipertestuali.$0(OLS)http://pul/title/105453 850 $aPUL 852 $aPUL$W1$xSL Diritto e Scienze Sociali 3$y79$m348. 45 COD 4.1.5$j130234$qDDC 21$B124956$CPULBib$Z2$F124956 $H105974 $82 941 1 $a9 996 $6020$z978-88-598-0197-9*$9(OLS)http://pul/number/137236 996 $6245$aCodice ipertestuale della giustizia amministrativa :$bcommentario con la banca dati di giurisprudenza e legislazione$9(OLS)http://pul/title/138571 996 $6260$aTorino :$bUTET Giuridica$9(OLS)http://pul/publisher/79191